Quizzes
Events
Quiz Creation
Community
Videos
Private Events
Remove Ads
Sign In
Join for FREE
Feedback
Dark Mode
Quiz Categories
Sports
Geography
Music
Movies
Television
Just For Fun
Miscellaneous
History
Literature
Language
Science
Gaming
Entertainment
Religion
Holiday
For Kids
Quiz Lab
Recent
Popular Today
Quiz Kudos Today
Editor Picks
Curator Picks
Quizzes by...
Day
Popularity
Type
Ratings
Length
Year
Community
Subscriptions
Recent Discussions
Orange Saloon
Badges
Playlists
Quests
Create
Leaderboards
Showdown
Live 5
Trivia Bingo
Activity
Puzzle Library
Sporcle Events
Private Events
Virtual Trivia
Globe League
Become a Host
Pub Owners
SporcleCon
Opinionation
Our Games
Videos
Blog
Mobile Apps
Partnerships
Remove Ads and Go Orange
Feedback
Geography
Country
Landmarks
City
State
Population
World
Capital
Continent
Flags
Europe
Africa
Asia
South America
North America
Oceania
Border
Canada
United Kingdom
Topography
United States
Geography
Country
Landmarks
City
State
Population
World
Capital
Continent
Flags
Europe
Africa
Asia
South America
North America
Oceania
Border
Canada
United Kingdom
Topography
United States
Random Quiz
Search Sporcle
×
Quiz Lab
Quiz Lab
Geography
Country
Type in answers that appear in a list
Type in answers that appear in a list
Classic
Best Score? Go Orange.
Country Quiz: The Vatican City Stats
Can you name the answers to these questions on the Vatican City?
By
MiniManMyers
5m
24 Questions
187 Plays
187 Plays
187 Plays
Comments
Comments
Give Quiz Kudos
Give Quiz Kudos
-
- Ratings
hide this ad
More Info
Replay
Link that replays current quiz
Next Quiz
Link to next quiz in quiz playlist
You Got
0%
They Got
Avg Score
53%
Avg Friend Score
Upgrade to see
Score Distribution
Jump to the score distribution portion of the page
Score
0/24
Timer
05:00
0
Plays Today
Question
Answer
% Correct
Official Language
Italian
86.1%
Colour on Flag
Yellow
84.5%
Colour on Flag
White
84.5%
Drives on the
Right
84%
Official Language
Latin
80.7%
Internet Code
.va
77.5%
Currency
Euro
77%
The Only State which is NOT a Member of this Organisation
The United Nations
64.2%
Built Above this man's Grave
St. Peter
63.1%
Year Founded as an Official State
1929
61%
Birth Rate
0
56.1%
Death Rate
0
56.1%
Question
Answer
% Correct
Official Army
Swiss Guard
54.5%
By this Italian Sculptor
Michelangelo
51.9%
Who Painted the Roof of this Chapel
Sistine Chapel
48.7%
Treaty was Signed by this Head of Italy
Benito Mussolini
46%
Ruler/
Head of State
Benedict XVI
44.9%
Population (roughly)
829
40.1%
Time Zone
GMT +1
33.7%
Name of Treaty Founding the State
The Lateran Treaty
31.6%
Contains this Church
St. Peter's Basilica
30.5%
The Church Contains this Famous Statue
Pieta
16.6%
Symbol on Flag
Keys of Heaven
10.7%
He is the ????th Pope
256
6.4%
Quiz Playlist
Details
Report
Send in Message
Add To Playlist
More Info:
Giving the Vatican some recognition at last...
Classic:
Type in answers that appear in a list
Quiz Source
Last Updated: Feb 16, 2017
Quiz Scoreboard
CHALLENGE
Sign Up to Join the Scoreboard
Show All
Scores
Hide
Comments
May contain spoilers
Recently Published
Decade Duel: World Leaders
by jenniferyan
History
4m
Alphabetical 'K' Countries by Flag Minefield
by ylime102
Geography
3m
Pick 6: Fruits
by JohnFran
Miscellaneous
15s
More to Explore
Quiz From the Vault
Featured Blog Post
15 Basketball Trivia Facts You Can Be March Mad About
hide this ad
You Might Also Like...
Tags
Country Quiz
Italy
pope
Vatican City
Today's Top Quizzes in Geography
Browse Geography
hide this ad
Today's Top Quizzes in Country
Browse Country
Top Contributed Quizzes in Geography
1
Countries of the World - No Outlines Minefield
2
Pick 6: Mountains
3
Least Populated Answer: 'G' Countries
4
Alphabetical 'L' Countries By Flag Minefield
5
Lietuvos savivaldybės (Lithuanian Municipalities)
6
Alphabetical 'M' Countries By Flag Minefield
7
Pick 6: National Parks
8
Pick 6: US States
9
Blind Ultimate Minefield: Europe
10
'A' Countries In Alphabetical Order by Flag
Explore More
Trending Topics
Kpop
NBA
Marvel
Crossword
Anime
Harry Potter
Disney
Song
Soccer
The Office
Country
Pokémon
NFL
Puzzle
WWE
hide this ad
More By:
MiniManMyers
Quiz
Plays
Rating
Category
Featured
Created
Wimbledon Winners Nationality
329
1.40
Sports
Jul 6, 2010
Oceania Island Owners
242
3.17
Geography
Jul 8, 2010
World Cup Losers
205
4.00
Sports
Jul 7, 2010
Country Quiz: The Vatican City
187
2.75
Geography
Sep 5, 2011
Wonders of the World
37
1.00
History
Sep 5, 2011
Go to Creator's Profile
Score Distribution
Quiz Creator Spotlight
MiniManMyers
Follow
Send a Message
Quizzes Created
-
Created Quiz Play Count
-
More By This Creator
Popular Quizzes Today
1
Countries of Asia Without Outlines Minefield
2
Find the US States - No Outlines Minefield
3
Pick 6: Fruits
4
Alphabetical 'K' Countries by Flag Minefield
5
The Countries of the World
6
Find the Countries of Europe - No Outlines Minefield
7
Find the US States
8
US States
More Geography Quizzes
Multiple-Word World Metros
Quiz Lab
Trending Quizzes
Pick 6: Mountains
Pick 6: Harry Potter
Pick 6: Flags
Pick 6: NFL Teams
Pick 6: Movie Franchises
Recently Updated
Adaptations: Name the Title
pecheneg
NWSL Teams
pecheneg
Women's Final Four Teams by Year
bhenderson79
Presidents Quartet II
eogle
Anything But Clue(do)
eogle
Anything But Oceanian Capitals
eogle
Anything But 7
eogle
Anything But Thing
eogle
Word Ladder: February 29
pecheneg
Song Title Questions
pecheneg
Trending Topics
Anime
Harry Potter
Crossword
NBA
Kpop
Disney
Marvel
NFL
Puzzle
Country
WWE
Pokémon
Song
The Office
Soccer
Your Account Isn't Verified!
In order to create a playlist on Sporcle, you need to verify the email address you used during registration. Go to your
Sporcle Settings
to finish the process.
Report this User
Report this user for behavior that violates our
Community Guidelines
.
Details:
Send Report
Go to the Sporcle.com Mobile Site →
Comments